00451nam a22001577a 450000500170000001000140001702000100003103500130004103700130005408200110006710000260007824500750010426000420017927000530022130000190027420100807153537.0 aENG-98870 c50.00 aEN-82402 bDBAD/PUB a338.91 aPruthi, Surinder P S  aChanging Global economic & financial balance /cby Surinder P S Pruthi aNew DelhibPitambar Publishing c2008 a888 East Park Road Karol BaghbNew Delhie110005 a48pc18cm(pbk)